MARC details
| 000 -CABECERA |
| campo de control de longitud fija |
00920nam a2200253 a 4500 |
| 005 - FECHA Y HORA DE LA ÚLTIMA TRANSACCIÓN |
| campo de control |
20210223124117.0 |
| 008 - ELEMENTOS DE LONGITUD FIJA--INFORMACIÓN GENERAL |
| campo de control de longitud fija |
010525s1995 es r 000 0 spa d |
| 020 ## - NÚMERO INTERNACIONAL NORMALIZADO PARA LIBROS |
| Número Internacional Estándar del Libro |
8420607533 |
| 035 ## - NÚMERO DE CONTROL DEL SISTEMA |
| Número de control de sistema |
UPN01000106818 |
| 049 ## - COLECCIÓN |
| Colección |
CG |
| 050 #4 - SIGNATURA TOPOGRÁFICA DE LA BIBLIOTECA DEL CONGRESO |
| Número de clasificación |
QE536.2 L8.8 |
| Número de documento/Ítem |
V6.58 |
| 245 00 - MENCIÓN DE TÍTULO |
| Título |
Voltaire-Rousseau : |
| Resto del título |
en torno al mal y la desdicha / |
| Mención de responsabilidad, etc. |
estudio prel., selec. de textos, tr. y notas críticas de Alicia Villar. |
| 260 ## - PUBLICACIÓN, DISTRIBUCIÓN, ETC. |
| Lugar de publicación, distribución, etc. |
Madrid : |
| Nombre del editor, distribuidor, etc. |
Alianza, |
| Fecha de publicación, distribución, etc. |
c1995. |
| 300 ## - DESCRIPCIÓN FÍSICA |
| Extensión |
260 p. : |
| Otras características físicas |
il. |
| 440 #3 - MENCIÓN DE SERIE/ASIENTO SECUNDARIO--TÍTULO |
| Título |
El libro de bolsillo. |
| Nombre de parte o sección de la obra |
Humanidades |
| Designación de volumen o secuencia |
1753 |
| 501 ## - NOTA DE "CON" |
| Nota de “Con” |
Con: Poema sobre la ley natural ; Poema sobre el desastre de Lisboa |
| 650 #4 - ASIENTO SECUNDARIO DE MATERIA - TERMINO TEMATICO |
| Término de materia o nombre geográfico como elemento de entrada |
FELICIDAD - |
| Subdivisión general |
TRABAJOS ANTERIORES A 1800 |
| 9 (RLIN) |
11484 |
| 651 #4 - ASIENTO SECUNDARIO DE MATERIA - NOMBRE GEOGRAFICO |
| Nombre geográfico |
LISBOA (CIUDAD) - |
| Subdivisión general |
SISMO, 1755 |
| 700 0# - ASIENTO SECUNDARIO--NOMBRE DE PERSONAL |
| Nombre de persona |
Voltaire, |
| Fechas asociadas al nombre |
1694-1778 |
| 700 1# - ASIENTO SECUNDARIO--NOMBRE DE PERSONAL |
| Nombre de persona |
Rousseau, Jean-Jacques, |
| Fechas asociadas al nombre |
1712-1778 |
| 740 0# - ASIENTO SECUNDARIO - TÍTULOS RELACIONADOS /ANALITICOS NO CONTROLADOS |
| Título relacionado o analítico no controlado |
Poema sobre la ley natural |
| 740 0# - ASIENTO SECUNDARIO - TÍTULOS RELACIONADOS /ANALITICOS NO CONTROLADOS |
| Título relacionado o analítico no controlado |
Poema sobre el desastre de Lisboa |
| 905 ## - TIPO DE MATERIAL |
| Tipo de material |
Libro |